000 00487nam a2200157 4500
001 110411
003 ES-MaACL
007 t|
008 061121s1982 sp r ||||1| spa d
100 1 _aO'Donoghue, Martin.
_986325
245 1 0 _aDimensión económica de la educación /
_cMartin O'Donoghue; traducción de José Manuel Vegas.
260 _aMadrid :
_bNarcea,
_c1982.
300 _a236 p. ;
_c25 cm.
700 1 _aVegas, José Manuel.
_9113641
852 _aES-MaACL
_jL-3569
_bR.103798
999 _c110411
_d110411